ARRUPE JESUIT UNIVERSITY

CORONAVIRUS -STOP THE SPREAD - CLEAN,DISINFECT,COVER

Identities (Record no. 124840)

MARC details
000 -LEADER
fixed length control field 00520nam a22001577a 4500
008 - FIXED-LENGTH DATA ELEMENTS--GENERAL INFORMATION
fixed length control field 160803b xxu||||| |||| 00| 0 eng d
020 ## - INTERNATIONAL STANDARD BOOK NUMBER
International Standard Book Number 9780226284392
050 ## - LIBRARY OF CONGRESS CALL NUMBER
Classification number PN81.N134
110 ## - MAIN ENTRY--CORPORATE NAME
Corporate name or jurisdiction name as entry element Appiah, Kwame Anthony and Gates, Louis Henry
Relator term (ed.)
9 (RLIN) 24575
245 ## - TITLE STATEMENT
Title Identities
Statement of responsibility, etc / Kwame Anthony Appiah and Henry Louis Gates (ed.)
260 ## - PUBLICATION, DISTRIBUTION, ETC. (IMPRINT)
Place of publication, distribution, etc Chicago
Name of publisher, distributor, etc University of Chicago Press
Date of publication, distribution, etc 1995
300 ## - PHYSICAL DESCRIPTION
Extent 460p. ;
Dimensions 23cm.
650 ## - SUBJECT ADDED ENTRY--TOPICAL TERM
Topical term or geographic name as entry element Criticism
9 (RLIN) 24576
650 ## - SUBJECT ADDED ENTRY--TOPICAL TERM
Topical term or geographic name as entry element Identity in literature
9 (RLIN) 24577
942 ## - ADDED ENTRY ELEMENTS (KOHA)
Source of classification or shelving scheme Library of Congress Classification
Item type Monograph ( Printed materials)
Holdings
Withdrawn status Lost status Source of classification or shelving scheme Damaged status Not for loan Collection code Home library Current library Shelving location Date acquired Total Checkouts Full call number Barcode Date last seen Price effective from Koha item type
    Library of Congress Classification     Main Collection ARRUPE LIBRARY ARRUPE LIBRARY Main Collection 03/08/2016   PN81.N134 46500009319 27/03/2019 03/08/2016 Monograph ( Printed materials)

 

Arrupe Library. PO Box MP320 Mt Pleasant, Harare, Zimbabwe
263 242 745411|librarian@aju.ac.zw